"Las buenas conciencias" de Carlos Fuentes

সংরক্ষণ করুন:
গ্রন্থ-পঞ্জীর বিবরন
প্রধান লেখক: Jiménez Montero, Yadira
বিন্যাস: গ্রন্থ
ভাষা:Undetermined
প্রকাশিত: San José, Costa Rica Escuela de Filología, Lingüística y Literatura,Universidad de Costa Rica 1976
বিষয়গুলি:
ট্যাগগুলো: ট্যাগ যুক্ত করুন
কোনো ট্যাগ নেই, প্রথমজন হিসাবে ট্যাগ করুন!

MARC

LEADER 00000nam a2200000Ia 4500
008 170316s9999 xx 000 0 und d
040 |a cru BVZT 
090 |a Tesis 130 
100 |a Jiménez Montero, Yadira 
245 |a "Las buenas conciencias" de Carlos Fuentes 
260 |a San José, Costa Rica 
260 |b Escuela de Filología, Lingüística y Literatura,Universidad de Costa Rica 
260 |c 1976 
300 |a 54 páginas 
650 |a LICENCIATURA EN FILOLOGÍA ESPAÑOLA 
650 |a TRABAJO FINAL DE GRADUACIÓN 
999 |c 13734  |d 13734 
942 |c TFG  |h Tesis 130  |2 z